000 01644nam0a2200361 4500
001 RU\NLR\bibl\1507584
005 20260405220657.0
021 _aRU
_b2010-21506
_91450
035 _a(nilc)RSL-KNO-004621313
035 _a(NLR Aleph) 001498997
090 _a1791405
_c1791405
100 _a20100330d2010 |||y0rusy50 ca
101 0 _arus
102 _aRU
105 _aa |||||||||
200 1 _aПродукты из семени льна для здоровья и долголетия
_eпрофилактика инсульта, инфаркта, рака, очищение организма
_fКузнецов Г.Б.
210 _aСамара
_c[б. и.]
_d2010
215 _a19 с.
_cил.
_d21
225 1 _aНародные рецепты здоровья
606 1 _aЛьняное семя
_xЛечебное применение
_92424500
_3RU\NLR\auth\661443588
606 1 _aЛьняное масло
_xЛечебное применение
_92250806
_3RU\NLR\auth\661350086
610 0 _aЗдравоохранение. Медицинские науки -- Фармация -- Фармакогнозия -- Лекарственные растения -- Семя льна
686 _aР282.111Семя льна,0
_2rubbk
686 _aР282.111 Лен
686 _aР123.841
700 1 _4070
_8rus
_7ca
_aКузнецов
_bГ. Б.
_cпредприниматель
_gГеннадий Борисович
_3RU\NLR\auth\7799065
_981991
801 0 _aRU
_bРГБ
_c20100330
_grcr
801 1 _aRU
_bРГБ
_c20100330
801 2 _aRU
_bNLR
_c20100504
_grcr
942 _cBOOK
980 _aNB